| 000 | 00514nam a2200181 a 4500 | ||
|---|---|---|---|
| 001 | 0317 | ||
| 005 | 20140414132003.0 | ||
| 008 | 040909s19uu xx 00 eng d | ||
| 020 | _a0-949714-59-3 | ||
| 050 |
_aTR 745 _bH11 1998 |
||
| 100 | _aHarvey, Roland | ||
| 245 |
_aAmazing book of things to make& do / _cby Roland Harvey. |
||
| 260 |
_aAustralia : _bRoland Harvey books, _c1998. |
||
| 300 | _a29 p. : ill. ; cm. | ||
| 650 |
_aArts and crafts _xJuvenile literature. |
||
| 999 |
_c113119 _d113119 |
||